| 000 | 00812nam a22002177a 4500 | ||
|---|---|---|---|
| 999 |
_c4908 _d4908 |
||
| 003 | AR-CdUCM | ||
| 008 | 190311b ||||| |||| 00| 0 spa d | ||
| 040 |
_aMUNICIPALIDAD PROVINCIAL DEL CUSCO _cBIBLIOTECA MUNICIPAL DEL CUSCO |
||
| 082 |
_a101 / _bG88 |
||
| 100 |
_aGuerra, Luis Felípe _915080 |
||
| 245 | _aPresentación de la filosofía / | ||
| 260 |
_aLima : _bCasa de la Cultura del Perú, _c1970. |
||
| 300 |
_a113 paginas ; _c17 cm. |
||
| 500 | _aDonación familia Nieto | ||
| 505 | _aContenido :Raíces del filosofar -- La filosofía como conocimiento organizado -- Los grandes temas de la filosofía -- El desarrollo histórico -- La filosofía y nuestra realidad ... | ||
| 650 |
_aFilosofía _9395 |
||
| 650 |
_aRealismo _9520 |
||
| 650 |
_aHistoria _9136 |
||
| 942 |
_2ddc _cLIBROS |
||
| 945 | _arum | ||